| 000 | nam a22 7a 4500 | ||
|---|---|---|---|
| 999 |
_c20233 _d20233 |
||
| 008 | 170118b xxu||||| |||| 00| 0 eng d | ||
| 020 | _a9781597641210 | ||
| 050 | _aN 5300 .K67 1997 | ||
| 100 |
_aKorn, Irene _d1997 |
||
| 245 |
_aGreat masterpieces of the world/ _cIrene Korn |
||
| 260 |
_aChina: _bNew line books limited, _c1997. |
||
| 300 |
_a128p.: _bill.; _c29cm. |
||
| 521 | _aIncludes index. | ||
| 650 | _aArtists -- Biography. | ||
| 650 | _aArt -- History. | ||
| 942 |
_2lcc _cBOOKS _hN 5300 .K67 1997 |
||